[Event "NM for Ungdom 2019"]
[Site "Skien"]
[Date "2019.11.08"]
[Round "1"]
[White "Vestby-Ellingsen, Mads"]
[Black "Hestvik, Elias"]
[Result "1-0"]
[WhiteElo "2351"]
[BlackElo "1784"]
[PlyCount "85"]
[EventDate "2019.??.??"]

1. e4 c5 2. Nf3 Nc6 3. d4 cxd4 4. Nxd4 g6 5. c4 Bg7 6. Be3 Nf6 7. Nc3 Ng4 8.
Qxg4 Nxd4 9. Qd1 Ne6 10. Qd2 Qa5 11. Rc1 d6 12. Be2 O-O 13. O-O Bd7 14. b3 Rfe8
15. Rfd1 Rac8 16. Nd5 Qxd2 17. Rxd2 b6 18. h4 h5 19. f3 Nc7 20. Kf2 f5 21. Nxc7
Rxc7 22. exf5 Bxf5 23. Bd3 Rf8 24. Rcd1 Bc3 25. Bxf5 Rxf5 26. Rd5 Rxd5 27. Rxd5
Kf7 28. g4 Bf6 29. Kg3 hxg4 30. fxg4 Be5+ 31. Kf3 Rc8 32. h5 gxh5 33. gxh5 Rg8
34. Rd2 Kf6 35. Ke4 Ke6 36. a4 Rg4+ 37. Kf3 Rg3+ 38. Kf2 Rh3 39. h6 Bf6 40. a5
Rxe3 41. Kxe3 Bg5+ 42. Kd3 Bxd2 43. h7
1-0

[Event "NM for Ungdom 2019"]
[Site "Skien"]
[Date "2019.11.08"]
[Round "1"]
[White "Holm, Karl Oskar Magnus"]
[Black "Risting, Eivind Olav"]
[Result "0-1"]
[WhiteElo "1751"]
[BlackElo "2298"]
[PlyCount "54"]
[EventDate "2019.??.??"]

1. d4 Nf6 2. c4 c5 3. d5 b5 4. cxb5 a6 5. e3 Bb7 6. Nc3 axb5 7. Bxb5 Qa5 8. Bd2
Qb6 9. Qb3 e6 10. e4 Nxe4 11. Nxe4 Bxd5 12. Qd3 f5 13. f3 fxe4 14. fxe4 Bc6 15.
Bxc6 Nxc6 16. Bc3 Nb4 17. Qe2 Rxa2 18. Rd1 Qa6 19. Qd2 Qb7 20. Ne2 Ra7 21. Ng3
Qb5 22. Kf2 c4 23. Rhe1 Nd3+ 24. Kf1 Nxe1 25. Rxe1 Bc5 26. Qf4 Rf8 27. Qxf8+
Kxf8
0-1

[Event "NM for Ungdom 2019"]
[Site "Skien"]
[Date "2019.11.08"]
[Round "1"]
[White "Carlin, Tormod"]
[Black "Fossan, Aleksander"]
[Result "0-1"]
[WhiteElo "1566"]
[BlackElo "2179"]
[PlyCount "98"]
[EventDate "2019.??.??"]

1. d4 Nf6 2. Bg5 c5 3. c3 e6 4. Nf3 Be7 5. e3 O-O 6. Bd3 h6 7. Bh4 Nc6 8. Nbd2
d5 9. O-O b6 10. Bg3 Bb7 11. Ne5 Nxe5 12. Bxe5 Bd6 13. Nf3 Ne4 14. Qe2 Rc8 15.
Rac1 Qe7 16. Rfd1 Rfd8 17. Bg3 Nxg3 18. hxg3 Qf6 19. a4 e5 20. dxe5 Bxe5 21.
Nxe5 Qxe5 22. Ba6 Qe7 23. Rd2 Rc7 24. Bxb7 Rxb7 25. Rcd1 Rbd7 26. Qf3 Qe5 27.
Rd3 Rd6 28. Qf4 f6 29. b4 Kf7 30. f3 h5 31. Kf2 Qe6 32. g4 hxg4 33. fxg4 Qe5
34. g3 Ke6 35. Rh1 Qe4 36. Rhd1 g5 37. Qf3 Ke5 38. a5 Rh8 39. Kg2 Rh2+ 40. Kxh2
Qxf3 41. c4 cxb4 42. axb6 axb6 43. cxd5 Rxd5 44. Rf1 Qe2+ 45. Kg1 Rxd3 46. Rf5+
Ke6 47. Rf1 Rd2 48. Rxf6+ Kxf6 49. Kh1 Rd1#
0-1

[Event "NM for Ungdom 2019"]
[Site "Skien"]
[Date "2019.11.08"]
[Round "1"]
[White "Unhjem, Bjørn Robert Løvoll"]
[Black "Lindalen, Daniel"]
[Result "1-0"]
[WhiteElo "1942"]
[BlackElo "1472"]
[PlyCount "59"]
[EventDate "2019.??.??"]

1. Nf3 Nf6 2. g3 d5 3. Bg2 e6 4. d4 Be7 5. O-O O-O 6. c4 Nbd7 7. Nc3 b6 8. cxd5
Nxd5 9. e4 Nxc3 10. bxc3 Bb7 11. Qc2 c5 12. Bf4 cxd4 13. cxd4 Nf6 14. Rfe1 Qd7
15. Rad1 Rac8 16. Qd3 Rfd8 17. h4 Qa4 18. Bg5 Rc2 19. e5 Nd5 20. Bxe7 Nxe7 21.
Ng5 Bxg2 22. Qxh7+ Kf8 23. Kxg2 Nf5 24. Qh5 Qc6+ 25. Kg1 Qb7 26. d5 g6 27. Qh8+
Ke7 28. Qf6+ Ke8 29. dxe6 Rxd1 30. exf7+
1-0

[Event "NM for Ungdom 2019"]
[Site "Skien"]
[Date "2019.11.08"]
[Round "1"]
[White "Rosendahl, Guttorm"]
[Black "Holand, Per Fredrik"]
[Result "0-1"]
[WhiteElo "1436"]
[BlackElo "1927"]
[PlyCount "58"]
[EventDate "2019.??.??"]

1. d4 Nf6 2. c4 e6 3. Bg5 h6 4. Bh4 Bb4+ 5. Nc3 c5 6. a3 Bxc3+ 7. bxc3 Qa5 8.
Qc2 cxd4 9. Nf3 Qxc3+ 10. Qxc3 dxc3 11. Bxf6 gxf6 12. Rc1 Nc6 13. e3 b6 14.
Rxc3 d6 15. Bd3 Ba6 16. O-O Rc8 17. Rd1 Ne5 18. Nxe5 fxe5 19. Be2 Ke7 20. Rdc1
Rc5 21. e4 Rhc8 22. a4 d5 23. exd5 exd5 24. Kf1 Bxc4 25. Bxc4 Rxc4 26. Rxc4
Rxc4 27. Ra1 Rc5 28. Ke2 Ra5 29. Kd3 b5
0-1

[Event "NM for Ungdom 2019"]
[Site "Skien"]
[Date "2019.11.08"]
[Round "2"]
[White "Holand, Per Fredrik"]
[Black "Vestby-Ellingsen, Mads"]
[Result "0-1"]
[WhiteElo "1927"]
[BlackElo "2351"]
[PlyCount "120"]
[EventDate "2019.??.??"]

1. e4 e5 2. Nf3 Nc6 3. Bb5 a6 4. Ba4 g6 5. d4 exd4 6. Bg5 Be7 7. Bxe7 Ngxe7 8.
Nxd4 O-O 9. O-O d6 10. Bb3 Na5 11. c3 c5 12. Ne2 Nxb3 13. Qxb3 b5 14. Nf4 Bb7
15. Nd2 Nc6 16. Rad1 Ne5 17. c4 Rb8 18. Qc3 Nxc4 19. Nxc4 bxc4 20. Qxc4 Qf6 21.
Nd3 Rfe8 22. f3 Bc6 23. e5 dxe5 24. Qxa6 Kg7 25. Qc4 Bb5 26. Qc3 Red8 27. Rfe1
Bxd3 28. Rxd3 Rxd3 29. Qxd3 Rxb2 30. Qc3 e4 31. Qxf6+ Kxf6 32. Rxe4 Rxa2 33.
Rc4 Ra5 34. Kf2 Ke5 35. Re4+ Kd6 36. Rh4 Ra2+ 37. Ke3 h5 38. g4 hxg4 39. fxg4
Ke5 40. Rh7 Ra3+ 41. Kd2 Ra7 42. h4 Kd4 43. h5 gxh5 44. gxh5 c4 45. Rh8 Ra2+
46. Kd1 Kc3 47. Rf8 Ra1+ 48. Ke2 Rh1 49. Rxf7 Rxh5 50. Kd1 Rh1+ 51. Ke2 Kc2 52.
Rc7 c3 53. Ra7 Rh8 54. Rb7 Re8+ 55. Kf2 Kc1 56. Kf1 c2 57. Kf2 Re5 58. Kf3 Kd2
59. Rd7+ Kc3 60. Rc7+ Kd3
0-1

[Event "NM for Ungdom 2019"]
[Site "Skien"]
[Date "2019.11.08"]
[Round "2"]
[White "Risting, Eivind Olav"]
[Black "Unhjem, Bjørn Robert Løvoll"]
[Result "1/2-1/2"]
[WhiteElo "2298"]
[BlackElo "1942"]
[PlyCount "99"]
[EventDate "2019.??.??"]

1. d4 d5 2. c4 e6 3. Nc3 Be7 4. Nf3 Nf6 5. Bf4 O-O 6. e3 c5 7. dxc5 Bxc5 8. Qc2
Nc6 9. a3 Qa5 10. Nd2 Qd8 11. Nb3 Bd6 12. Bg5 dxc4 13. Bxc4 Ne5 14. Be2 h6 15.
h4 Be7 16. Rd1 Qc7 17. Bf4 Nd5 18. Qe4 Nxf4 19. exf4 Ng6 20. g3 Bf6 21. O-O Bd7
22. Nd4 a6 23. Bf3 Rab8 24. Rd2 Ne7 25. Rfd1 Rfd8 26. Bg2 Nc6 27. Nde2 Na5 28.
Qb4 Bc6 29. Bxc6 Nxc6 30. Qe4 Rxd2 31. Rxd2 Rd8 32. Rxd8+ Qxd8 33. f5 exf5 34.
Qxf5 Nd4 35. Nxd4 Bxd4 36. Qf3 Bxc3 37. Qxc3 Qd5 38. b4 h5 39. Kf1 g6 40. Ke2
Kf8 41. Ke3 Ke7 42. Qc7+ Ke6 43. Qb6+ Kf5 44. f3 Qb3+ 45. Kf2 Qc2+ 46. Kf1 Qd1+
47. Kf2 Qd2+ 48. Kf1 Qd3+ 49. Kf2 Qd2+ 50. Kf1
1/2-1/2

[Event "NM for Ungdom 2019"]
[Site "Skien"]
[Date "2019.11.08"]
[Round "2"]
[White "Leonhardsen, Vebjørn Maanum"]
[Black "Lund, Gunnar"]
[Result "0-1"]
[WhiteElo "1836"]
[BlackElo "2274"]
[PlyCount "76"]
[EventDate "2019.??.??"]

1. Nf3 d6 2. d4 Nf6 3. g3 Nbd7 4. Bg2 e5 5. dxe5 dxe5 6. O-O Be7 7. c4 O-O 8.
Nc3 c6 9. Qc2 Qc7 10. b3 Re8 11. Bb2 Bf8 12. e4 Nc5 13. b4 Ne6 14. a3 a5 15.
Qb3 Nd4 16. Nxd4 exd4 17. Ne2 Nxe4 18. Qc2 Bf5 19. Nxd4 Bg6 20. Bxe4 Rxe4 21.
Qc3 Rd8 22. Nb3 axb4 23. axb4 b6 24. Ra6 Re2 25. Nd4 Re4 26. Nb3 h5 27. Rfa1 h4
28. Ra8 h3 29. Rxd8 Qxd8 30. f3 Re2 31. Nd4 Rg2+ 32. Kh1 Qf6 33. c5 bxc5 34.
bxc5 Bxc5 35. Qxc5 Rxb2 36. Rd1 Be4 37. Rf1 Rd2 38. fxe4 Qxf1#
0-1

[Event "NM for Ungdom 2019"]
[Site "Skien"]
[Date "2019.11.08"]
[Round "2"]
[White "Nordquelle, Daniel"]
[Black "Halvorsen, Benjamin"]
[Result "1-0"]
[WhiteElo "2190"]
[BlackElo "1868"]
[PlyCount "53"]
[EventDate "2019.??.??"]

1. e4 d5 2. exd5 Qxd5 3. Nc3 Qa5 4. d4 Nf6 5. Nf3 Bf5 6. Bc4 e6 7. O-O c6 8.
Re1 Bb4 9. Bd2 Bxc3 10. Bxc3 Qc7 11. Bb3 O-O 12. Bb4 Rd8 13. c4 Na6 14. Bc3 c5
15. Qc1 cxd4 16. Bxd4 Ng4 17. Qc3 Nc5 18. h3 Rxd4 19. Qxd4 Rd8 20. Qc3 Nxf2 21.
Kxf2 Nd3+ 22. Kg1 Bxh3 23. Re2 Qg3 24. Rd1 Bxg2 25. Rxg2 Qxg2+ 26. Kxg2 Nf4+
27. Kf2
1-0

[Event "NM for Ungdom 2019"]
[Site "Skien"]
[Date "2019.11.08"]
[Round "2"]
[White "Fossan, Aleksander"]
[Black "Opseth, Oliver"]
[Result "1-0"]
[WhiteElo "2179"]
[BlackElo "1795"]
[PlyCount "117"]
[EventDate "2019.??.??"]

1. e4 e5 2. Nf3 d5 3. exd5 e4 4. Qe2 Nf6 5. Nc3 Be7 6. Nxe4 O-O 7. d3 Nxd5 8.
c4 Nf6 9. Qc2 Nc6 10. Be2 Bf5 11. a3 Nd4 12. Nxd4 Qxd4 13. Be3 Qe5 14. Ng3 Bg6
15. O-O h5 16. Bf3 Rad8 17. Rad1 c5 18. Rfe1 h4 19. Nf1 Qf5 20. Qb3 b6 21. d4
Bh5 22. Bxh5 Qxh5 23. dxc5 h3 24. Bf4 Bxc5 25. Rxd8 Rxd8 26. Qxh3 Qxh3 27. gxh3
Rd4 28. Be5 Rxc4 29. Bxf6 gxf6 30. Ne3 Re4 31. Kg2 Kh7 32. Nc2 Rc4 33. Re2 Kg6
34. Ne1 Rd4 35. Nf3 Rd8 36. b4 Bf8 37. Rd2 Rc8 38. Rd3 Bh6 39. Nh4+ Kh5 40. Nf5
Bf4 41. Rd7 Rc7 42. Rxc7 Bxc7 43. b5 Kg5 44. Nd4 Kf4 45. Nc6 Ke4 46. Nxa7 Kd4
47. h4 Kc5 48. h5 Bf4 49. Kf3 Bxh2 50. Ke4 f5+ 51. Kxf5 Bg1 52. f4 Kc4 53. Kf6
Kd4 54. Nc6+ Kc5 55. Na7 Kd5 56. Kxf7 Ke4 57. Nc6 Kxf4 58. h6 Bh2 59. h7
1-0

[Event "NM for Ungdom 2019"]
[Site "Skien"]
[Date "2019.11.08"]
[Round "3"]
[White "Vestby-Ellingsen, Mads"]
[Black "Nordquelle, Daniel"]
[Result "1-0"]
[WhiteElo "2351"]
[BlackElo "2190"]
[PlyCount "41"]
[EventDate "2019.??.??"]

1. e4 c5 2. Nf3 d6 3. Nc3 Nf6 4. e5 dxe5 5. Nxe5 a6 6. g3 Qc7 7. d4 b6 8. Bf4
g5 9. Bxg5 Bb7 10. Rg1 cxd4 11. Qxd4 Bg7 12. Nc4 b5 13. Nb6 Ra7 14. Bf4 Nc6 15.
Qxf6 Bxf6 16. Bxc7 Nd4 17. Bb8 Nf3+ 18. Kd1 Ra8 19. Nxa8 Bxa8 20. Rg2 O-O 21.
Bc7
1-0

[Event "NM for Ungdom 2019"]
[Site "Skien"]
[Date "2019.11.08"]
[Round "3"]
[White "Halvorsen, Benjamin"]
[Black "Risting, Eivind Olav"]
[Result "0-1"]
[WhiteElo "1868"]
[BlackElo "2298"]
[PlyCount "84"]
[EventDate "2019.??.??"]

1. e4 c5 2. Nf3 d6 3. d4 cxd4 4. Nxd4 Nf6 5. Nc3 Nc6 6. Be3 Ng4 7. Qd2 Nxe3 8.
Qxe3 g6 9. Nf3 Bg7 10. Bc4 O-O 11. O-O Bg4 12. Bd5 Rc8 13. Rad1 Qa5 14. h3 Bxf3
15. gxf3 Bxc3 16. bxc3 Ne5 17. f4 Rxc3 18. Qe2 Nd7 19. Rd3 Rfc8 20. Bb3 Nc5 21.
Rd5 Qb4 22. e5 Qxf4 23. Qg4 Qxg4+ 24. hxg4 Nxb3 25. cxb3 dxe5 26. Rxe5 e6 27.
Rd1 Rc1 28. Rxc1 Rxc1+ 29. Kg2 Kf8 30. Kg3 Ke7 31. f3 f6 32. Rb5 b6 33. Rb4 Rc5
34. Rd4 h5 35. gxh5 Rxh5 36. Rc4 Rc5 37. Rd4 e5 38. Rh4 Ke6 39. Rh7 a5 40. Rb7
b5 41. Rb6+ Kf5 42. Ra6 b4
0-1

[Event "NM for Ungdom 2019"]
[Site "Skien"]
[Date "2019.11.08"]
[Round "3"]
[White "Unhjem, Bjørn Robert Løvoll"]
[Black "Holand, Per Fredrik"]
[Result "1-0"]
[WhiteElo "1942"]
[BlackElo "1927"]
[PlyCount "59"]
[EventDate "2019.??.??"]

1. e4 c5 2. Nf3 e6 3. d4 cxd4 4. Nxd4 Nf6 5. Bd3 Nc6 6. Nb3 d5 7. exd5 exd5 8.
O-O Be7 9. Nc3 O-O 10. Bg5 h6 11. Bh4 Bg4 12. Be2 Bf5 13. Bf3 d4 14. Nb5 d3 15.
c3 Qd7 16. N5d4 Bg6 17. Re1 Rfe8 18. Qd2 Nxd4 19. Nxd4 Bc5 20. Bxf6 gxf6 21.
Nb3 Bf8 22. Rad1 Kh7 23. Qf4 h5 24. Be4 Bh6 25. Bxg6+ fxg6 26. Qd4 Qf5 27. Rxe8
Rxe8 28. g3 Re2 29. Rxd3 Be3 30. Qd7+
1-0

[Event "NM for Ungdom 2019"]
[Site "Skien"]
[Date "2019.11.08"]
[Round "4"]
[White "Risting, Eivind Olav"]
[Black "Vestby-Ellingsen, Mads"]
[Result "1/2-1/2"]
[WhiteElo "2298"]
[BlackElo "2351"]
[PlyCount "83"]
[EventDate "2019.??.??"]

1. d4 Nf6 2. c4 g6 3. Nc3 d5 4. Nf3 Bg7 5. h4 c6 6. cxd5 cxd5 7. Bf4 Nc6 8. e3
O-O 9. Qb3 Na5 10. Qa3 a6 11. Bd3 Nc4 12. Qb3 b5 13. a4 bxa4 14. Nxa4 Bd7 15.
O-O Bb5 16. Rfd1 e6 17. Qc2 Rc8 18. Qb1 Nd7 19. h5 Ncb6 20. Nc3 Bxd3 21. Qxd3
Nc4 22. Rdb1 Rc6 23. hxg6 hxg6 24. b3 Na5 25. Nd2 Nf6 26. Na4 Nb7 27. b4 Qc8
28. Nc5 Nxc5 29. bxc5 Nd7 30. Bd6 Re8 31. Nb3 Qa8 32. Na5 Rcc8 33. Rb7 Nxc5 34.
Bxc5 Rxc5 35. dxc5 Bxa1 36. c6 Be5 37. f4 Bd6 38. Qb3 Qd8 39. Qc3 d4 40. Qxd4
Qxa5 41. Qxd6 Qe1+ 42. Kh2 1/2-1/2

[Event "NM for Ungdom 2019"]
[Site "Skien"]
[Date "2019.11.08"]
[Round "4"]
[White "Nordquelle, Daniel"]
[Black "Lund, Gunnar"]
[Result "0-1"]
[WhiteElo "2190"]
[BlackElo "2274"]
[PlyCount "68"]
[EventDate "2019.??.??"]

1. e4 e5 2. Nf3 d5 3. exd5 e4 4. Qe2 Nf6 5. d3 Qxd5 6. Nc3 Bb4 7. Bd2 Bxc3 8.
Bxc3 O-O 9. Ne5 Re8 10. d4 Nc6 11. Rd1 Qxa2 12. Qd2 Be6 13. Bb5 Qd5 14. Bc4 Qd6
15. Bxe6 Qxe6 16. d5 Nxd5 17. Qxd5 Nxe5 18. Qxb7 Nd3+ 19. Kf1 Nf4 20. Rd4 Qg4
21. g3 Qf3 22. gxf4 Qxh1+ 23. Ke2 Qf3+ 24. Ke1 Qxf4 25. Qd5 Qxh2 26. Qg5 h6 27.
Qg4 Qh1+ 28. Kd2 Qf3 29. Qg1 f6 30. Rd7 Qf4+ 31. Ke2 g5 32. Bd2 Qe5 33. Ke1
Rad8 34. Bc3 Qe6 0-1

[Event "NM for Ungdom 2019"]
[Site "Skien"]
[Date "2019.11.08"]
[Round "4"]
[White "Fossan, Aleksander"]
[Black "Unhjem, BjÃ¸rn Robert LÃ¸voll"]
[Result "1/2-1/2"]
[WhiteElo "2179"]
[BlackElo "1942"]
[PlyCount "54"]
[EventDate "2019.??.??"]

1. e4 c5 2. c3 Nf6 3. e5 Nd5 4. d4 e6 5. Nf3 cxd4 6. cxd4 d6 7. Bc4 Nc6 8. O-O
Be7 9. a3 Qc7 10. Re1 O-O 11. Bd3 Qd8 12. Qc2 h6 13. Nc3 Bd7 14. Ne4 dxe5 15.
dxe5 Qc7 16. Ng3 Rac8 17. Qe2 Bc5 18. Nh4 Nce7 19. Nh5 f5 20. Qf3 Be8 21. Bxh6
Bxh5 22. Qxh5 gxh6 23. Qxh6 Qb6 24. Qg5+ Kf7 25. Qh5+ Kg7 26. Qg5+ Kf7 27. Qh5+
Kg7 1/2-1/2